书目信息 |
| 题名: |
歌剧美学论纲
|
|
| 作者: | 居其宏 著 | |
| 分册: | ||
| 出版信息: | 安徽 安徽文艺出版社 2003 |
|
| 页数: | 383 | |
| 开本: | 20cm | |
| 丛书名: | ||
| 单 册: | ||
| 中图分类: | J83 | |
| 科图分类: | ||
| 主题词: | 戏剧--艺术--世界 , 戏剧--艺术--各国 | |
| 电子资源: | ||
| ISBN: | 7-5396-2250-4 | |
| 000 | 00538nam0 2200193 450 | |
| 001 | 0758474734 | |
| 005 | 20070817161434.73 | |
| 010 | @a7-5396-2250-4@dCNY 22.00 | |
| 100 | @a20070817d km y0chiy0120 ea | |
| 101 | 0 | @achi |
| 200 | 1 | @a歌剧美学论纲@Age ju mei xue lun gang@f居其宏著@Fju qi hong zhu |
| 210 | @a安徽@c安徽文艺出版社@d2003 | |
| 215 | @a383@d20cm | |
| 606 | 0 | @a戏剧@x艺术@x世界 |
| 606 | 0 | @a戏剧@x艺术@y各国 |
| 690 | @aJ83@v3 | |
| 701 | 0 | @a居其宏@Aju qi hong@4著 |
| 801 | 0 | @aCN@bPFT@c20070817 |
| 905 | @a213230@dJ83@eY1@f1 | |
| 歌剧美学论纲/居其宏著.-安徽:安徽文艺出版社,2003 |
| 383;20cm |
| ISBN 7-5396-2250-4:CNY 22.00 |
| ● |
| 相关链接 |
|
|
|
|
正题名:歌剧美学论纲
索取号:J83/Y1
 
预约/预借
| 序号 | 登录号 | 条形码 | 馆藏地/架位号 | 状态 | 备注 |
| 1 | 7401188 | 274011883 | 音乐系资料室/ [索取号:J83/Y1] | 在馆 |